| 000 | 00686nam a2200181 a 4500 | ||
|---|---|---|---|
| 001 | 000043445 | ||
| 005 | 20201002040923.0 | ||
| 008 | 140318s2007 sp ab 000 0 spa d | ||
| 020 | _a9788496515444 | ||
| 245 | 0 | 0 |
_aCopmetitividad, Crecimiento y Capitalización de las regiones Españolas / _cMatilde Mas Ivars ... [et al.] ; dirigido por Ernest Reig Martínez. |
| 260 |
_aMadrid : _bFundación BBVA, _c2007. |
||
| 300 |
_a371 p. : _bil., maps ; _c24 cm. |
||
| 504 | _aIncluye referencias bibliográficas y notas ap pie de las páginas | ||
| 504 | _aBibliografía : p. 345-354 | ||
| 700 | 1 | 2 |
_aReig Martínez, Ernest. _971126 |
| 700 | 1 | 2 |
_aMas Ivars, Matilde _911381 |
| 999 |
_c42934 _d42934 |
||
| 040 | _aDO-SdBNP | ||